Learning machine translation / (Record no. 36168)
[ view plain ]
| 000 -LEADER | |
|---|---|
| fixed length control field | 00995nam a22002657a 4500 |
| 005 - DATE AND TIME OF LATEST TRANSACTION | |
| control field | 20100518112246.0 |
| 008 - FIXED-LENGTH DATA ELEMENTS--GENERAL INFORMATION | |
| fixed length control field | 100518t xxu||||| |||| 00| 0 eng d |
| 010 ## - LCCN (DPL NO) | |
| LC control number | ENG-96096 |
| 020 ## - INTERNATIONAL STANDARD BOOK NUMBER | |
| International Standard Book Number | 9788120340558 |
| Terms of availability | 325.00 |
| 035 ## - SYSTEM CONTROL NUMBER | |
| System control number | EN-79629 |
| 037 ## - SOURCE OF ACQUISITION | |
| Source of stock number/acquisition | DBAD / PUB |
| 040 ## - CATALOGING SOURCE | |
| Original cataloging agency | DPL |
| Language of cataloging | Eng |
| 082 ## - DEWEY DECIMAL CLASSIFICATION NUMBER | |
| Classification number | 418.020285 |
| 245 ## - TITLE STATEMENT | |
| Title | Learning machine translation / |
| Statement of responsibility, etc | by Cyril Goutte...[et.al] |
| 260 ## - PUBLICATION, DISTRIBUTION, ETC. (IMPRINT) | |
| Place of publication, distribution, etc | New Delhi |
| Name of publisher, distributor, etc | PHI Learning |
| Date of publication, distribution, etc | 2010 |
| 270 ## - ADDRESS | |
| Address | M-97, Connaught Circus, New Delhi |
| City | New Delhi |
| Postal code | 110001 |
| 300 ## - PHYSICAL DESCRIPTION | |
| Extent | viii,316p,: |
| Dimensions | 24cm (pbk) |
| Other physical details | ill. |
| 500 ## - GENERAL NOTE | |
| General note | Includes bibliographical references (p. [277]-306) and index. |
| 650 ## - SUBJECT ADDED ENTRY--TOPICAL TERM | |
| Topical term or geographic name as entry element | Machine translating |
| General subdivision | Statistical methods. |
| 9 (RLIN) | 20230 |
| 700 ## - ADDED ENTRY--PERSONAL NAME | |
| Personal name | Goutte, Cyril |
| 9 (RLIN) | 20221 |
| 700 ## - ADDED ENTRY--PERSONAL NAME | |
| 9 (RLIN) | 20222 |
| 700 ## - ADDED ENTRY--PERSONAL NAME | |
| 9 (RLIN) | 20223 |
| 942 ## - ADDED ENTRY ELEMENTS (KOHA) | |
| Source of classification or shelving scheme | Dewey Decimal Classification |
| Item type | English Books |
| Call number suffix | LEA |
| Classification part | 418.020285 |
| Withdrawn status | Lost status | Source of classification or shelving scheme | Damaged status | Not for loan | Collection code | Home library | Current library | Date acquired | Source of acquisition | Cost, normal purchase price | Total Checkouts | Full call number | Barcode | Date last seen | Copy number | Cost, replacement price | Koha item type |
|---|---|---|---|---|---|---|---|---|---|---|---|---|---|---|---|---|---|
| Dewey Decimal Classification | Not For Loan | Non-fiction | D.B.Act.Division | D.B.Act.Division | 05/04/2010 | DBAD / PUB | 350.00 | 418.020285 LEA | EN-79629 | 18/05/2010 | 1 | 350.00 | English Books |
